Central Library OPAC University of Rajshahi
Normal view MARC view

Entry Topical Term

Number of records used in: 2

001 - CONTROL NUMBER

  • control field: 16146

003 - CONTROL NUMBER IDENTIFIER

  • control field: BD-RjUL

005 - DATE AND TIME OF LATEST TRANSACTION

  • control field: 20250721152321.0

008 - FIXED-LENGTH DATA ELEMENTS

  • fixed length control field: 250721|| aca||aabn | a|a d

040 ## - CATALOGING SOURCE

  • Original cataloging agency: BD-RjUL
  • Transcribing agency: BD-RjUL

150 ## - HEADING--TOPICAL TERM

  • Topical term or geographic name entry element: Finance
  • Geographic subdivision: Islamic countries

670 ## - SOURCE DATA FOUND

  • Source citation: Work cat.: (BD-RjUL)85260: রশীদ, বজলুর 16142, ইসলামে অর্থব্যবস্থার রুপরেখা = An Outline of the Financial system in Islam / , ২০২৩